| 000 | 00634nam a2200205 a 4500 | ||
|---|---|---|---|
| 005 | 20220916063554.0 | ||
| 008 | 140327s2004 es r 000 0 spa d | ||
| 020 | _a8478648224 | ||
| 035 | _aUPN01000196599 | ||
| 049 | _aI | ||
| 050 | 4 |
_aPZ10.3 _bS5.3 |
|
| 100 | 1 |
_aShulman, Mark, _d1962- _935363 |
|
| 245 | 1 | 3 |
_aEl gato grande / _cMark Shulman ; il. Sally Chambers. |
| 260 |
_aBarcelona, [Esp.] : _bCombel, _cc2004. |
||
| 300 |
_a[8] p. : _bprincipalmente il. col. |
||
| 534 |
_pTítulo original: _tBic cat |
||
| 650 | 7 |
_aLibros ilustrados para niños _2 _921365 |
|
| 650 | 0 |
_aAnimales _vCuentos y leyendas _9234 |
|
| 905 | _aInfantil | ||
| 999 |
_c168700 _d168700 |
||